书目信息 |
| 题名: |
西部史学
|
|
| 作者: | 黄贤全 , 邹芙都 主编 | |
| 分册: | 第三辑 | |
| 出版信息: | 重庆 西南师范大学出版社 2019 |
|
| 页数: | 291页 | |
| 开本: | 24cm | |
| 丛书名: | ||
| 单 册: | ||
| 中图分类: | K092 | |
| 科图分类: | ||
| 主题词: | 史学--研究--中国 | |
| 电子资源: | ||
| ISBN: | 978-7-5697-0050-3 | |
| 000 | 00890nam0 2200229 450 | |
| 001 | 2327167464 | |
| 005 | 20230924073302.93 | |
| 010 | @a978-7-5697-0050-3@dCNY68.00 | |
| 100 | @a20200713d2019 em y0chiy50 ea | |
| 101 | 0 | @achi |
| 102 | @aCN@b510000 | |
| 105 | @aa z 000yy | |
| 200 | 1 | @a西部史学@Axi bu shi xue@h第三辑@f黄贤全, 邹芙都主编 |
| 210 | @a重庆@c西南师范大学出版社@d2019 | |
| 215 | @a291页@c图@d24cm | |
| 330 | @a本书分为特稿、先秦史研究、青铜器研究、明清史研究、文献学研究、经济史研究、民族学研究七个板块,收录了《文明史视角下中国社会演进的阶段性》《论早期巴人起源于汉水上游及其迁徙》《曾国青铜器的最新发现及其意义》《新见六处刻铭秦矛介绍与研究》《汉代公羊学家考》等文章。 | |
| 606 | 0 | @a史学@x研究@y中国 |
| 690 | @aK092@v5 | |
| 701 | 0 | @a黄贤全@Ahuang xian quan@4主编 |
| 701 | 0 | @a邹芙都@Azou fu dou@4主编 |
| 801 | 0 | @aCN@b安徽时代@c20230923 |
| 905 | @aBZT@dK092@e2:3 | |
| 西部史学.第三辑/黄贤全, 邹芙都主编.-重庆:西南师范大学出版社,2019 |
| 291页:图;24cm |
| ISBN 978-7-5697-0050-3:CNY68.00 |
| 本书分为特稿、先秦史研究、青铜器研究、明清史研究、文献学研究、经济史研究、民族学研究七个板块,收录了《文明史视角下中国社会演进的阶段性》《论早期巴人起源于汉水上游及其迁徙》《曾国青铜器的最新发现及其意义》《新见六处刻铭秦矛介绍与研究》《汉代公羊学家考》等文章。 |
| ● |
| 相关链接 |
|
|
|
正题名:西部史学
索取号:K092/2:3
 
预约/预借
| 序号 | 登录号 | 条形码 | 馆藏地/架位号 | 状态 | 备注 |
| 1 | 2000926181 | 2000926181 | 第四书库/四35架A面5层5列/ [索取号:K092/2:3] | 在馆 | |
| 2 | 2000926182 | 2000926182 | 第四书库/四35架A面5层5列/ [索取号:K092/2:3] | 在馆 | |
| 3 | 2000926183 | 2000926183 | 第四书库/四35架A面5层5列/ [索取号:K092/2:3] | 在馆 | |
| 4 | 2000926184 | 2000926184 | 315书库/四35架A面4层5列/ [索取号:K092/2:3] | 在馆 | |
| 5 | 2000926185 | 2000926185 | 315书库/四35架A面4层5列/ [索取号:K092/2:3] | 在馆 | |
| 6 | 2000926186 | 2000926186 | 315书库/四35架A面4层5列/ [索取号:K092/2:3] | 在馆 |